00889nam a2200217 a 450000100060000000300090000600800410001502000150005604000280007108200180009910000380011724500400015526000500019530000100024550501590025565000290041465000460044394200120048999900170050195201530051822745CO-ViMGA141112s2004 ck r 000 u spa d a9588060257 aCO-ViMGAbspacCO-ViMGA04a628.166 V453e1 aVillegas de Brigard, Maria93245810aEjercicios de purificacion de aguas aColombia : bEscuela Colombiana de Ingenieria a167p. aConceptos basicos de quimica, Equilibrio - ionizacion - producto de solubilidad, Analisis fisicos quimicos y bacteriologico, Coagulacion quimica del agua14aANALISIS DEL AGUA93245914aPURIFICACION DE AGUAS RESIDUALES 932460 2ddccBK c31043d31043 00102ddc40708002aMEVIECARbMEVIECARd2015-12-04hVolumen. 1 | 13/oct/2009l0o628.166 V453e p22745r2019-10-11 00:00:00tEj. 1w2015-12-04yBK